| 000 | 01283cam a2200373 a 4500 | ||
|---|---|---|---|
| 001 | 4465834 | ||
| 003 | ARRUPE | ||
| 005 | 20131001162412.0 | ||
| 008 | 880826s1988 deu b 000 0 eng d | ||
| 010 | _a88081307 | ||
| 020 | _a0894536559 (pbk.) | ||
| 020 | _a0894536540 (series) | ||
| 035 | _a(OCoLC)19232399 | ||
| 035 | _a(OCoLC)ocm19232399 | ||
| 035 | _a(NNC)4465834 | ||
| 040 |
_aNNUT _cNNUT |
||
| 043 | _aa-is--- | ||
| 050 |
_aBS1825.2 _b.H23 1988 |
||
| 100 | 1 |
_aHarrington, Daniel J. _91926 |
|
| 245 | 1 | 4 |
_aThe Maccabean revolt : _banatomy of a Biblical revolution / _cby Daniel J. Harrington. |
| 260 |
_aWilmington, Del. : _bM. Glazier, _c1988. |
||
| 300 |
_a143 p. ; _c22 cm. |
||
| 490 | 1 |
_aOld Testament studies ; _vv. 1 |
|
| 504 | _aBibliography: p. 133-143. | ||
| 630 | 0 | 0 |
_aBible O.T. _pApocrypha. _pMaccabees, 1st _xCriticism, interpretation, etc. _91927 |
| 630 | 0 | 0 |
_aBible O.T. _pApocrypha. _pMaccabees, 2nd _xCriticism, interpretation, etc. _91928 |
| 630 | 0 | 0 |
_aBible. _pDaniel _xCriticism, interpretation, etc. _91929 |
| 650 | 0 |
_aMaccabees. _91930 |
|
| 650 | 0 |
_aJews _xHistory _y586 B.C.-70 A.D. _91931 |
|
| 651 | 0 |
_aPalestine _xHistory _yTo 70 A.D. _91932 |
|
| 830 | 0 |
_aOld Testament studies ; _vOTWSA 1. _91933 |
|
| 942 |
_2lcc _cMONOGRAPH |
||
| 999 |
_c118202 _d118202 |
||